| 000 | 00534nam a2200193 i 4500 | ||
|---|---|---|---|
| 001 | 84053 | ||
| 003 | ES-MaACL | ||
| 005 | 20251015063107.0 | ||
| 007 | t| | ||
| 008 | 041119s1970 sp ||||1| spa d | ||
| 100 | 1 |
_aJaurès, Jean, _d1859-1914 _966196 |
|
| 245 | 1 | 0 |
_aEstudios socialistas / _cJean Jaurés. |
| 250 | _a[2ª ed.]. | ||
| 260 |
_a[Algorta (Vizcaya) : _bZero, _c1970] |
||
| 300 |
_a189 p. ; _c20 cm. |
||
| 650 | 0 | 7 |
_aSocialismo _2embne _917147 |
| 852 |
_aES-MaACL _jC-48606 _bR.73916 |
||
| 999 |
_c84053 _d84053 |
||